| 000 | 00762nam a2200241Ia 4500 | ||
|---|---|---|---|
| 003 | GCL | ||
| 008 | 140319s9999 xx 000 0 ara d | ||
| 020 | _a1347148977 | ||
| 040 |
_aGCL / _cGCL |
||
| 082 | 0 | 4 |
_a814.008 _bأ أ |
| 100 | 1 | _aانيس منصور | |
| 245 | 1 | 0 |
_aالذين عادوا الى السماء / _cانيس منصور |
| 250 | _aالسادسة عشرة | ||
| 260 |
_aالقاهرة : _bدار الشروق ، _c2005 |
||
| 300 |
_a174 ص ؛ _c18 سم |
||
| 650 | 0 | 4 | _aالحضارة القديمة |
| 650 | 0 | 4 | _aالكتب السماوية |
| 650 | 0 | 4 | _aالفضاء الخارجى |
| 650 | 0 | 4 | _aاصل الحياة |
| 650 | 0 | 4 | _aالكون، علم |
| 650 | 0 | 4 | _aالمقالات العربية - مجموعات |
| 942 |
_2ddc _cBK |
||
| 999 |
_c8181 _d8181 |
||